000 00946nam a2200301 a 4500
003 CHAP
005 20220329143643.0
008 101118s2005 uk 00010 eng d
010 _a99875
011 _a100847
020 _a081990312
035 _a111533
040 _cCHAP
090 _aCD - 283
110 0 _aCAB International
_916530
245 1 0 _aForestry compendium [Disco compacto]
_c/por CAB International
260 _aOxfordshire, UK. :
_bCAB International,
_c2007
300 _a1 disco compacto ;
_c4 3/4 plgs. + 1 folleto
590 _aBATCH-UPD
_b10
_c20130110
_lUCH01
_h1559
590 _aBATCH-UPD
_b10
_c20130410
_lUCH01
_h0956
590 _aBATCH-UPD
_b10
_c20130913
_lUCH01
_h2213
590 _aCONVERSION
_b10
_c20130109
_lUCH01
_h1355
650 0 4 _aAgroforestería
_zGran Bretaña.
_92177
650 0 4 _aÁrboles
_xGran Bretana.
_96604
901 _aBK
942 _cCD
949 _aCD-283
_bBC
_cCD
_d33724002222413
_eCD
_i111533
_sb
999 _c99875
_d99875